1 giocatore per squadra - Euro 2024 - Statistics

Statistiche generali
  • Questo quiz è stato fatto 136 volte
  • Il punteggio medio è 20 su 24
Statistiche sulle risposte
Hint Risposta % Corretto
Hakan Çalhanoğlu Turchia
96%
Robert Lewandowski Polonia
95%
Federico Chiesa Italia
94%
Bernardo Silva Portogallo
94%
Dusan Vlahovic Serbia
94%
Dani Olmo Spagna
94%
Cole Palmer Inghilterra
93%
Andreas Christensen Danimarca
92%
Giorgi Mamardashvili Georgia
92%
Mateo Kovačić Croazia
86%
Florian Wirtz Germania
86%
Mykhaïlo Mudryk Ucraina
84%
Jérémy Doku Belgio
83%
Eduardo Camavinga Francia
83%
Ianis Hagi Romania
83%
Dominik Szoboszlai Ungheria
83%
Andrew Robertson Scozia
82%
Marcel Sabitzer Austria
81%
Xavi Simons Paesi Bassi
79%
Jan Oblak Slovenia
76%
Manuel Akanji Svizzera
75%
Milan Škriniar Slovacchia
73%
Armando Broja Albania
71%
Vladimír Coufal Repubblica Ceca
59%
Nessun quiz corrispondente trovato
Distribuzione punteggi
Percentuale di utenti per punteggio
Percentile per numero di risposta
I tuoi punteggi nel tempo
Non hai fatto questo quiz